Countries at Winter Olympics by Year - Statistics

General Stats
  • This quiz has been taken 18 times
  • The average score is 40 of 114
Answer Stats
Hint Answer % Correct
1924 B Belgium
100%
1924 F Finland
100%
1924 F France
100%
1924 A Austria
93%
1924 C Canada
87%
1924 H Hungary
87%
1924 I Italy
87%
1924 L Latvia
80%
1924 N Norway
80%
1924 S Sweden
73%
1924 U United States
73%
1928 A Argentina
67%
1928 E Estonia
67%
1928 G Germany
67%
1928 J Japan
67%
1928 L Lithuania
67%
1924 P Poland
67%
1924 S Switzerland
67%
1936 A Australia
60%
1924 G (U) Great Britain (United Kingdom)
60%
1936 T Turkey
60%
1936 B Bulgaria
53%
1948 D Denmark
53%
1936 G Greece
53%
1928 M Mexico
53%
1928 N Netherlands
53%
1952 N New Zealand
53%
1928 R Romania
53%
1936 S Spain
53%
1948 I Iceland
47%
1936 L Liechtenstein
47%
1928 L Luxembourg
47%
1952 P Portugal
47%
1994 B Belarus
40%
1956 B Bolivia
40%
1964 I India
40%
1988 J Jamaica
40%
2014 Z Zimbabwe
40%
1994 A Armenia
33%
1948 C Chile
33%
1992 C Croatia
33%
1994 G Georgia
33%
1956 I Iran
33%
1992 I Ireland
33%
1994 K Kazakhstan
33%
1994 K Kyrgyzstan
33%
1948 L Lebanon
33%
1994 M Moldova
33%
1964 N North Korea
33%
1994 R Russia
33%
1948 S South Korea
33%
1994 U Ukraine
33%
1994 U Uzbekistan
33%
1992 A Algeria
27%
1998 A Azerbaijan
27%
1994 B Bosnia and Herzegovina
27%
1980 C China
27%
1980 C Costa Rica
27%
1994 C Czech Republic
27%
1984 E Egypt
27%
1988 F Fiji
27%
2022 H Haiti
27%
1992 H Honduras
27%
1998 K Kenya
27%
1968 M Morocco
27%
1972 P Philippines
27%
1976 S San Marino
27%
1994 S Slovakia
27%
1992 S Slovenia
27%
1960 S South Africa
27%
2002 T Tajikistan
27%
1998 V Venezuela
27%
1976 A Andorra
20%
1992 B Brazil
20%
2014 D Dominica
20%
2018 E Ecuador
20%
1992 E Eswatini
20%
2006 E Ethiopia
20%
1988 G Guatemala
20%
1994 I Israel
20%
1984 M Monaco
20%
2010 M Montenegro
20%
2002 N Nepal
20%
2018 N Nigeria
20%
1998 N North Macedonia
20%
2022 S Saudi Arabia
20%
2010 S Serbia
20%
1972 T Taiwan
20%
2002 T Thailand
20%
2026 U United Arab Emirates
20%
1998 U Uruguay
20%
2026 U Uruguay
20%
1980 C Cyprus
13%
2014 E East Timor
13%
2018 E Eritrea
13%
2018 K Kosovo
13%
2018 M Malaysia
13%
2014 M Malta
13%
1964 M Mongolia
13%
2010 P Pakistan
13%
2010 P Peru
13%
2018 S Singapore
13%
1994 T Trinidad and Tobago
13%
2006 A Albania
7%
2026 B Benin
7%
2002 C Cameroon
7%
2010 C Colombia
7%
2010 G Ghana
7%
2026 G Guinea-Bissau
7%
2006 M Madagascar
7%
2014 P Paraguay
7%
1984 S Senegal
7%
2014 T Togo
7%
2014 T Tonga
7%
No matching quizzes found
Score Distribution
Percent of People with Each Score
Percentile by Number Answered
Your Score History
You have not taken this quiz